000 01048cam a2200253 i 4500
003 SA-RiAUC
005 20251120133824.0
008 251019s1963 ua g 000r0 ara c
040 _aSA-JeALM
_bara
_cSA-RiAUC
_erda
082 0 4 _a252.27
090 _a252.27
_bم خ ل
100 1 _aمخلوف، حسنين محمد،
_d1890-1990
_eمؤلف.
245 1 0 _aحكم الشريعة الإسلامية في مأتم ليلة الأربعين وفيما يعمله الأحياء للأموات من الطاعات /
_cحسنين محمد مخلوف.
250 _aالطبعة الثانية، بزيادات هامة.
264 3 _aالقاهرة :
_bمطبعة المدني .
_c1963
300 _a56 صفحة ؛
_c24 سم
336 _aنص
_btxt
_2rdacontent
_3كتاب
337 _aبدون وسيط
_bn
_2rdamedia
338 _aمجلد
_bnc
_2rdacarrier
500 _aبيان مدعم بالأدلة الشرعية.
650 7 _aالفقه الإسلامي
_2aucsh
942 _2ddc
_cBOOK
_n0
949 _aSA-JeALM
_d251019
_umohamedma123
_n1
999 _c13385
_d13385